000 03182nas1a22004211i 4500
001 RU\NLR\Per\484789
005 20260407111418.0
011 _a1814-733X
011 _a1817-7115
035 _a(NLR Aleph) 002660994
090 _a3957187
_c3957187
100 _a20070301b20052015|||y0rusy50 ca
101 0 _arus
102 _aRU
110 _aah|||||||||
200 1 _aИзвестия Саратовского университета
_iНовая серия
_iСерия "Филология. Журналистика"
_eнаучный журнал
_fСарат. гос. ун-т им. Н.Г. Чернышевского
210 _aСаратов
_cСаратовский государственный университет
_d2005 - 2015
311 _aОбразовано в результате разделения: Известия Саратовского государственного университета, ISSN 1609-0187, ISSN 1814-733X (Шифр: П1/129) и продолжает его нумерацию
311 _aПродолжается как: Саратовский национальный исследовательский государственный университет им. Н. Г. Чернышевского. Известия Саратовского университета. Новая серия. Серия Филология. Журналистика
431 0 _12001#$aИзвестия Саратовского государственного университета
_1011$a1609-0187
_1011$a1814-733X
_tИзвестия Саратовского государственного университета
440 0 _12001#$aИзвестия Саратовского университета. Новая серия. Серия Филология. Журналистика
_171002$3RU\NLR\AUTH\880428088$aСаратовский национальный исследовательский государственный университет им. Н. Г. Чернышевского
_tИзвестия Саратовского университета. Новая серия. Серия Филология. Журналистика
_aСаратовский национальный исследовательский государственный университет им. Н. Г. Чернышевского
606 1 _aФилология
_jПериодические издания
_9921663
_3RU\NLR\AUTH\6619068
606 _aЖурналистика
_jПериодические издания
_91424082
_3RU\NLR\AUTH\66289940
686 1 _aШ.я54(2)3
686 1 _aЧ612я54(2)
710 0 2 _aСаратовский государственный университет им. Н. Г. Чернышевского
_9373195
_3RU\NLR\AUTH\889939158
801 0 _aRU
_bNLR
_gPSBO
801 1 _aRU
_bNLR
_c20070301
_2rusmarc
801 2 _aRU
_bNLR
_c20070301
_2rusmarc
852 _aNLR
_jП35/889
942 _cJOURNAL
980 _aRUSPER